Propiedad intelectual Reflexiones

Detalles Bibliográficos
Autor principal: Len̤ Robayo, Édgar Ivǹ
Otros Autores: Metke Mňdez, Ricardo
Formato: eBook
Lenguaje:español
Publicado: Bogot ̀: Editorial Universidad de Rosario (Colombia), 2012
Materias:
Acceso en línea:http://www.vlex.com/source/9160

MARC

LEADER 00000nam a22000007a 4500
005 20130328143721.0
007 cr|||| ||||
008 130328e2012 ck |||||s|||| 00||0 spa d
020 |a 978-958-738-246-4 
035 |a 9160 
040 |a vLex 
090 |c 4071  |d 4071 
100 1 0 |a Len̤ Robayo, Édgar Ivǹ  
245 1 0 |a Propiedad intelectual  |b Reflexiones  |c / Édgar Ivǹ Len̤ Robayo, Ricardo Metke Mňdez   |h [Recurso electrn̤ico] 
256 |a Servicio en ln̕ea  
260 |a Bogot ̀:   |c 2012  |b Editorial Universidad de Rosario (Colombia),  
506 |a Contenido solo disponible en los productos indicados 
650 0 4 |a Propiedad intelectual  |z Colombia 
650 0 4 |a Derechos de autor  |z Colombia 
700 1 0 |a Metke Mňdez, Ricardo  
740 |a vLex Libros (Servicio en ln̕ea) 
856 |a Acceso restringido  |u http://www.vlex.com/source/9160 
942 |c BOOK 
999 0 |a Intellectual property